00762nam a22002297a 450000500170000001000130001702000100003003500130004003700160005304000120006908200100008110000230009124501070011425000110022126000700023227000680030230000200037049000340039050000510042465000250047565000320050020170124105926.0 aA-377447 c00.00 aA-377447 bCen Lib/Ret aDPLbEN a025.3 aRanganathan, S. R. aClassified catalogue code, with additional rules for dictionary catalogue code /cby S. R. Ranganathan a5th ed aBangalorebSarada Ranganathan Endowment for Library Sciencec1988 bBangalorea432, 10th Cross, 18th Main Road, J. P. Nagare560078 a644p.c20cm(Hb) aRanganathan catalogue code, 2 aIncludes bibliographical references and index aClassified catalogs. aCatalogues systématiques.